| 000 | 01390cam a22003617a 4500 | ||
|---|---|---|---|
| 003 | CHAP | ||
| 005 | 20220329142349.0 | ||
| 008 | 000929d2000 mx r 00110 spa d | ||
| 010 | _a82413 | ||
| 011 | _a83385 | ||
| 035 | _a93897 | ||
| 040 | _cCHAP | ||
| 090 | _aTesis | ||
| 100 | 0 | 0 |
_aOrtiz Hernández, Olga Lilia. _983987 |
| 245 | 1 | 0 |
_aEvaluación del programa de desarrollo rural municipal de Texcoco enfocado a la zona baja (San Miguel Tocuila y Santa Cruz de Abajo" _c/por Olga Lilia Ortiz Hernández |
| 260 |
_aChapingo, Méx. : _bEl autor, _c2000. |
||
| 300 |
_a123 h. : _bgráfs., cuads. |
||
| 502 | _aTesis (Lic. en Economía Agrícola) -- UACH. División de Ciencias Económico - Administrativas | ||
| 590 |
_aALEPH _b10 _c20130110 _lUCH01 _h1437 |
||
| 590 |
_aBATCH-UPD _b10 _c20130110 _lUCH01 _h0401 |
||
| 590 |
_aBATCH-UPD _b10 _c20130110 _lUCH01 _h2009 |
||
| 590 |
_aBATCH-UPD _b10 _c20130410 _lUCH01 _h0034 |
||
| 590 |
_aBATCH-UPD _b10 _c20130914 _lUCH01 _h1147 |
||
| 590 |
_aCONVERSION _b10 _c20130109 _lUCH01 _h1346 |
||
| 650 | 1 | 4 |
_aAgricultura _zMexico (Edo.). _91934 |
| 650 | 1 | 4 |
_aDesarrollo de la comunidad rural _zMéxico (Edo.). _932042 |
| 650 | 1 | 4 |
_zMéxico (Edo.) _xCondiciones rurales. _9124376 |
| 901 | _aBK | ||
| 905 | _aEdna Luz | ||
| 942 | _cFOLL | ||
| 949 |
_bBC _cTES _d33724000806311 _eTS2 _fc.2 _h37034 _i93897 _si |
||
| 949 |
_bBC _cTES _d938971 _eTS1 _h37033 _i93897 _sb |
||
| 999 |
_c82413 _d82413 |
||